top 15 des marques de boissons les plus achetées en France - Statistiques

Statistiques générales
  • Ce quiz a été pris 1 859 fois
  • Le résultat moyen est 6 sur 15
Statistiques - réponses
Hint Réponse % Correct
Top 1 Coca-Cola
99%
Top 13 Orangina
68%
Top 8 Oasis
65%
Top 3 Lipton
60%
Top 2 Cristaline
51%
Top 15 Evian
49%
Top 7 Perrier
34%
Top 5 Volvic
32%
Top 6 Schweppes
29%
Top 11 Joker
15%
Top 9 Hepar
14%
Top 4 Tropicana
14%
Top 14 Leffe
11%
Top 12 Innocent
7%
Top 10 Teisseire
6%
Aucun quiz correspondant
Distribution des résultats
% des personnes avec chaque résultat
Percentile par nombre de réponses
Votre historique - résultats
Vous n’avez pas pris ce quiz